000 00443nam a2200169 a 4500
001 5393
003 CO-ViMGA
008 141112s2004 ck r 000 u spa d
040 _aCO-ViMGA
_bspa
_cCO-ViMGA
082 0 4 _a813.2 P63
100 1 _aPoe, Edgar Allan
_911359
245 1 0 _aNarraciones extraordinarias
260 _aSantafé de Bogotá :
_bPanAméricana,
_c1997
300 _a312 p
650 1 4 _aCUENTOS INGLESES
_93054
942 _2ddc
_cBK
999 _c17384
_d17384